书目信息 |
| 题名: |
汉书窥管
|
|
| 作者: | 杨树达 著 | |
| 分册: | 下 | |
| 出版信息: | 上海 上海古籍出版社 1984 |
|
| 页数: | 389~845页 | |
| 开本: | 21cm | |
| 丛书名: | ||
| 单 册: | ||
| 中图分类: | K234.07 | |
| 科图分类: | ||
| 主题词: | 两汉时代-历史--纪传体 , 中国--古代史--封建社会 , 历史-中国-两汉时代--纪传体 | |
| 电子资源: | ||
| ISBN: | ||
| 000 | 00772nam0 2200277 45 | |
| 001 | 0184012849 | |
| 005 | 20060405091912.07 | |
| 010 | @dCNY3.20 | |
| 091 | @a11186.60 | |
| 100 | @a19950522d1984 em y0chiy0121 ea | |
| 101 | 0 | @achi |
| 102 | @aCN@b310000 | |
| 105 | @ay z 000yy | |
| 200 | 10 | @a汉书窥管@Ahan shu kui guan@h下@f杨树达著@Fyang shu da zhu |
| 210 | @a上海@c上海古籍出版社@d1984 | |
| 215 | @a389~845页@d21cm | |
| 605 | @a汉书@y研究 | |
| 606 | @a两汉时代-历史@x纪传体 | |
| 606 | 0 | @a中国@x古代史@x封建社会 |
| 606 | @a历史-中国-两汉时代@x纪传体 | |
| 607 | @a中国@x历史@x两汉时代@x纪传体 | |
| 690 | @aK234.07@v4 | |
| 701 | 0 | @a杨树达@Ayang shu da@4著 |
| 801 | 2 | @aCN@bNLC@c20060405 |
| 801 | 0 | @aCN@b上海图书馆@c20031218 |
| 905 | @dK234.07@e11:2 | |
| 汉书窥管.下/杨树达著.-上海:上海古籍出版社,1984 |
| 389~845页;21cm |
| ISBN :CNY3.20 |
| ● |
| 相关链接 |
|
|
|
|
正题名:汉书窥管
索取号:K234.07/11:2
 
预约/预借
| 序号 | 登录号 | 条形码 | 馆藏地/架位号 | 状态 | 备注 |
| 1 | 0135725 | 202224501 | 密集书库/ [索取号:K234.07/11:2] | 在馆 | |
| 2 | 0135726 | 001661945 | 密集书库/ [索取号:K234.07/11:2] | 在馆 | |
| 3 | 0135727 | 001280544 | 第二样本阅览室/ [索取号:K234.07/11:2] | 在馆 |